Statistics for The Who Albums

Click here to take the quiz!

General Stats

  • This quiz has been taken 205 times
    (133 since last reset)
  • The average score is 9 of 12

Answer Stats

HintAnswer% Correct
2019Who
99%
1969Tommy
98%
1973Quadrophenia
93%
1971Who's Next
93%
1978Who Are You
88%
1965My Generation
86%
1967The Who Sell Out
81%
1975The Who by Numbers
72%
1966A Quick One
67%
1982It's Hard
62%
1981Face Dances
58%
2006Endless Wire
46%

Score Distribution

Percentile by Number Answered

Percent of People with Each Score

Your Score History

You have not taken this quiz since the last reset